عرض عادي عرض مارك
  • European Science Foundation.

مدخل إسم هيئة

عدد التسجيلات المستخدمة في: 2

001 - رقم الضبط

  • حقل الضبط: 37813

003 - معرف رقم الضبط

  • حقل الضبط: OSt

005 - تاريخ ووقت أخر عملية

  • حقل الضبط: 20131016145443.0

008 - عناصر بيانات ثابتة الطول

  • حقل تحكم ثابت الطول: 131016|||a|||||| | ||| d

040 ## - مصدر الفهرسة

  • هيئة الفهرسة الأصلية: OSt
  • وكالة الكتابة: OSt

110 ## - مدخل -- أسم شخص

  • اسم الهيئه او اسم السلطه كعنصر مدخل: European Science Foundation.
  • الوحده الفرعيه: Workshop
  • تاريخ الملتقي او توقيع المعاهدة: (2001 :
  • مكان الملتقي: Maastricht, Netherlands)

670 ## - بيانات المصدر موجوده

  • الاستشهاد بالمصدر: Work cat.: (OSt)0: European Science Foundation. Workshop (2001 : Maastricht, Netherlands), Cardiovascular genomics :, c2002.